000 00256 a2200085 4500
020 _a9783935301791
100 _aPappal Suneja
245 _aBauhaus and Beyond :A global, postcolonial perspective
260 _bArchitectural journalism and criticism organisation
999 _c13551
_d13551